| 000 | 01215nam1a22003611 4500 | ||
|---|---|---|---|
| 001 | v19\rc\2031968 | ||
| 005 | 20251118181532.8 | ||
| 035 | _a(NLR Aleph) 005110943 | ||
| 090 |
_a7492486 _c7492486 |
||
| 100 | _a20080925d1916 u y0rusy50 ca | ||
| 101 | 0 | _arus | |
| 102 | _aRU | ||
| 105 | _ay z ||||| | ||
| 200 | 1 |
_aЗаконы истории _eВведение к курсу всеобщ. истории искусств. Вып. 1- _fФедор Шмит, проф. Харьк. ун-та |
|
| 210 |
_aХарьков _cтип. и лит. М. Зильберберг и с-вья _d1916 |
||
| 215 | _d24 | ||
| 700 | 1 |
_4570 _7ca _8rus _aШмит _bФ. И. _cискусствовед _f1877-1941 _gФедор Иванович _9225270 _3RU\NLR\AUTH\770225326 |
|
| 801 | 0 |
_aRU _bNLR _gpsbo |
|
| 801 | 0 |
_aRU _bRuMoRGB _2psbo |
|
| 801 | 1 |
_aRU _bProSoft-M _2rusmarc |
|
| 852 |
_aNLR _j34.105.6.32 |
||
| 852 |
_aNLR _j1/469(пер.) |
||
| 852 |
_aNLR _j127/2625 |
||
| 899 |
_aRuMoRGB _jP 14/217 |
||
| 899 |
_aRuMoRGB _jP 81/129 |
||
| 899 |
_aRuMoRGB _jV 280/160 |
||
| 899 |
_aRuMoRGB _jV 285/216 |
||
| 899 | _aБАН | ||
| 899 | _aНБ СПбГУ | ||
| 899 | _aГПИБ | ||
| 899 | _aНБ МГУ | ||
| 942 | _cBOOK | ||
| 980 | _aNB | ||